Historiske personer 1914-45 - Statistics

General Stats
  • This quiz has been taken 181 times
  • The average score is 8 of 15
Answer Stats
Hint Answer % Correct
Tysklands diktator, 1933-45 Adolf Hitler
81%
Sovjetunionens store diktator Josef Stalin
80%
Kjent tysk-jødisk fysiker Albert Einstein
79%
Norges kjente fascist og forræder Vidkun Quisling
73%
Storbritannias statsminister 1940-45, 51-55 Winston Churchill
73%
Italias fascistiske diktator, 1922-45 Benito Mussolini
72%
Bolsjeviken som ledet den russiske revolusjonen Vladimir Lenin
67%
USAs president, 1933-45 Franklin Delano Roosevelt
63%
Spanias fascistiske diktator, 1936-75 Francisco Franco
58%
USAs president under WWI Woodrow Wilson
46%
Russlands siste keiser Tsar Nikolaj II
37%
Norges statsminister fra Arbeiderpartiet, 1935-45 Johan Nygaardsvold
33%
Den russiske bolsjeviken og første leder for den røde armé Lev Trotskij
29%
Den radikale norske Arbeiderparti-lederen etter WWI Martin Tranmæl
12%
Den engelske forkjemperen for kvinners stemmerett Emmeline Pankhurst
9%
No matching quizzes found
Score Distribution
Percent of People with Each Score
Percentile by Number Answered
Your Score History
You have not taken this quiz